| 000 | 00823nam a22002057a 4500 | ||
|---|---|---|---|
| 999 |
_c7203 _d7203 |
||
| 003 | AR-CdUCM | ||
| 008 | 190320b ||||| |||| 00| 0 spa d | ||
| 040 |
_aMUNICIPALIDAD PROVINCIAL DEL CUSCO _cBIBLIOTECA MUNICIPAL DEL CUSCO |
||
| 082 |
_a517.38 / _bG66 |
||
| 100 |
_aGoldberg, Samuel _920302 |
||
| 245 | _aIntroducción a las ecuaciones en diferencias finitas / | ||
| 260 |
_aBarcelona : _bMarcombo, _c1964. |
||
| 300 |
_a328 paginas ; _c22 cm. |
||
| 505 | _aContenido :Calculo de diferencias finitas -- Ecuaciones en diferencias -- Ecuaciones en diferencias lineales con coeficientes constantes -- Métodos matriciales -- La ecuación ... | ||
| 650 |
_aEcuaciones matemáticas _920303 |
||
| 650 |
_aMatemática pura _920304 |
||
| 700 |
_aLobez Urquia, José (traductor) _920305 |
||
| 942 |
_2ddc _cLIBROS |
||
| 945 | _arum | ||